| 000 | 00676nam a2200217 a 4500 | ||
|---|---|---|---|
| 001 | 19749 | ||
| 003 | CO-ViMGA | ||
| 008 | 141112s2004 ck r 000 u spa d | ||
| 020 | _a8430604790 | ||
| 040 |
_aCO-ViMGA _bspa _cCO-ViMGA |
||
| 082 | 0 | 4 | _a302 B744g |
| 100 | 1 |
_aBriggs, Asa; Burke, Peter _928587 |
|
| 245 | 1 | 0 |
_aDe Gutenberg a Internet : _bUna historia social de los medios de comunicación |
| 260 |
_aMadrid : _bTaurus, _c2002 |
||
| 300 | _a425 p. | ||
| 590 | _aForma de adquisición : Premio Mincultura | ||
| 650 | 1 | 4 |
_aCIBERESPACIO - HISTORIA _928588 |
| 650 | 1 | 4 |
_aIMPRENTA - HISTORIA _954900 |
| 650 | 1 | 4 |
_aMEDIOS DE COMUNICACION DE MASAS _920553 |
| 942 |
_2ddc _cBK |
||
| 999 |
_c28884 _d28884 |
||